| 000 | 01145nam a2200313 a 4500 | ||
|---|---|---|---|
| 001 | 000017199 | ||
| 003 | DO-SdBNP | ||
| 005 | 20250206142104.0 | ||
| 007 | ta | ||
| 008 | 100319s2009 dr 000 e spa d | ||
| 020 | _a9789945161458 | ||
| 040 |
_aDO-SdBNP _bspa _cBNPHU _erda |
||
| 082 | 4 |
_aRD864.44 _bD249c _222 |
|
| 100 | 1 |
_aLeón David, _d1945- _eautor _4aut. _984930 |
|
| 245 | 1 | 0 |
_aAl correr de la pluma : _bensayos de literatura y arte / _cLeón David ; carta-prólogo, José Bobadilla. |
| 264 | 1 |
_aSanto Domingo : _bEditora Nacional, _c2009. |
|
| 300 |
_a294 páginas ; _c23 cm. |
||
| 336 |
_atexto _btxt _2rdacontent |
||
| 337 |
_asin mediación _bn _2rdamedia |
||
| 338 |
_avolumen _bnc _2rdacarrier |
||
| 500 | _aIncluye datos biográficos del autor en la solapa de la cubierta. | ||
| 650 | 4 |
_aEnsayos dominicanos _965 |
|
| 650 | 4 |
_aLiteratura dominicana _xCrítica e interpretación _9216 |
|
| 650 | 4 |
_aArte dominicano _937843 |
|
| 700 | 1 |
_aBobadilla, José, _eprologuista _4pr. _924677 |
|
| 710 | 1 |
_aRepública Dominicana. _bSecretaría de Estado de Cultura. _96453 |
|
| 910 | _aValidado. Control de calidad MFF | ||
| 942 |
_2ddc _cLBS1 |
||
| 999 |
_c16725 _d16725 |
||